SECRET (Record no. 5419)

MARC details
000 -LEADER
fixed length control field 00305nam a2200121Ia 4500
008 - FIXED-LENGTH DATA ELEMENTS--GENERAL INFORMATION
fixed length control field 240624s9999 xx 000 0 und d
041 ## - LANGUAGE CODE
Language code of text/sound track or separate title eng
082 ## - DEWEY DECIMAL CLASSIFICATION NUMBER
Classification number 658.314 BYR
100 ## - MAIN ENTRY--PERSONAL NAME
Personal name BYRNE RHONDA
245 ## - TITLE STATEMENT
Title SECRET
260 ## - PUBLICATION, DISTRIBUTION, ETC.
Date of publication, distribution, etc. 2006
Place of publication, distribution, etc. New York
Name of publisher, distributor, etc. Beyond Words Publication
300 ## - PHYSICAL DESCRIPTION
Extent xv, : 198 : p. : cm. ; 24
Holdings
Withdrawn status Lost status Damaged status Not for loan Home library Current library Shelving location Date acquired Full call number Barcode Date last seen Price effective from Koha item type
        IMTN IMTN Rack 27-A 06/29/2007 658.314 BYR 5419 06/24/2024 06/24/2024 Books
Designed & Maintained by: LRC IMT Nagpur Contact: lrc@imtnag.ac.in© 2024. All Rights Reserved.